Personnages de The Office en images. - Statistiques

Statistiques générales
  • Ce quiz a été pris 40 fois
  • Le résultat moyen est 13 sur 20
Statistiques - réponses
Par images Réponse % Correct
Pam Beesly
97%
Michael Scott
94%
Jim Halpert
91%
Dwight Schrute
89%
Andy Bernard
77%
Angela Martin
77%
Creed Bratton
74%
Kevin Malone
66%
Oscar Martinez
66%
Toby Flenderson
66%
Kelly Kapoor
63%
Meredith Palmer
63%
Phyllis Vance
63%
Jan Levinson
60%
Ryan Howard
60%
Erin Hannon
57%
Stanley Hudson
57%
Holly Flax
49%
Darryl Philbin
43%
Gabe Lewis
37%
Aucun quiz correspondant
Distribution des résultats
% des personnes avec chaque résultat
Percentile par nombre de réponses
Votre historique - résultats
Vous n’avez pas pris ce quiz